| 000 | 01903 a2200241 4500 | ||
|---|---|---|---|
| 001 | 47106 | ||
| 005 | 20260407155739.0 | ||
| 008 | 260407a1992 arg spa d | ||
| 003 | AR-UNSa-BCEJYS | ||
| 040 |
_aAR-UNSa-BCEJYS _bspa _cAR-UNSa-BCEJYS |
||
| 080 |
_a330.101.541 _xMacroeconomía |
||
| 245 | 1 | 0 | _aMacroeconomía del populismo en la América Latina |
| 020 | _a968-16-3917-0 | ||
| 264 | 1 |
_aMéxico : _bFondo de Cultura Económica _c1992 |
|
| 300 |
_a458 p. _c22 cm. |
||
| 505 | _aPrimera Parte : MARCO TÉORICO : 1. La macroeconomía del populismo / Rudiger Dornbusch y Sebastián Edwards - 2. La economía política del populismo latinoamericano / Robert R. Kaufman y Bárbara Stallings - 3. El populismo, el despilfarro y la redistribución / Eliana Cardoso y Ann Helwege -- Segunda Parte : EXPERIENCIA DE ALGUNOS PAÍSES : 4. Descripción de una experiencia populista : Argentina, 1973-1976 / Federico A. Sturzenegger - 5. ¿Qué han aprendido los populistas de la hiperinflación? / Roque B. Fernández - 6. Sesenta años de populismo en el Brasil / Paulo Rabello de Castro y Marcio Ronci - 7. La experiencia socialista-populista chilena: 1970-1973 / Felipe Larraín y Patricio Meller - 8. El populismo y la política económica de México, 1970-1982 / Carlos Bazdresch y Santiago Levy - 9. La ilusión de una distribución por medio de la política macroeconómica : La experiencia heterodoxa del Perú (1985-1990) / Ricardo Lago - 10. Colapso y estabilización (incompleta) de la economía nicaragüense / José Antonio Ocampo - 11. Acerca de la ausencia de populismo económico en Colombia / Miguel Urrutia. | ||
| 942 | _cBK | ||
| 590 | _aniveau_biblio:m niveau_hierar:0 | ||
| 100 | 1 | _aSuárez, Eduardo L. | |
| 700 | 1 | _aEdwards, Sebastián | |
| 700 | 1 | _aDornbusch, Rudiger | |
| 856 | 4 | 1 |
_uhttps://www.biblioeco.unsa.edu.ar/pmb/images/libros/L127391.jpg _yImagen de portada _qimage/jpeg |
| 999 |
_c4288 _d4288 |
||